Heidegger, ser y tiempo /
Resumen general de la primera etapa de trece capítulos de Filosofía, aquí y ahora. Por qué es Heidegger el más importante filósofo del siglo XX. ¿Es posible que haya sido nazi quien ha ocupado la centralidad del pensamiento filosófico en el siglo XX? Problemas que acarrea esta cuestión. Situación de...
Guardado en:
| Autor Principal: | |
|---|---|
| Autor Corporativo: | |
| Formato: | |
| Publicado: |
Argentina,
2009
|
| Series: | Filosofía aquí y ahora - Temporada 2
|
| Materias: | |
| Acceso en línea: | https://www.educ.ar/recursos/50232/heidegger-ser-y-tiempo |
| Etiquetas: |
Agregar Etiqueta
Sin Etiquetas, Sea el primero en etiquetar este registro!
|
| LEADER | 01965ngm a22003375g 4500 | ||
|---|---|---|---|
| 001 | CEM.cems023358 | ||
| 008 | 130507s2009##################0###0#####d | ||
| 005 | 20250328173957.0 | ||
| 245 | 1 | 0 | |a Heidegger, ser y tiempo / |c José Pablo Feinmann. |
| 260 | |a Argentina, |c 2009 | ||
| 300 | |a 28'. | ||
| 490 | 0 | |a Filosofía aquí y ahora - Temporada 2 | |
| 538 | |a Soporte: DVD - Color: Si - Grabación DRD. | ||
| 500 | |a Consultar en ventanilla. | ||
| 520 | |a Resumen general de la primera etapa de trece capítulos de Filosofía, aquí y ahora. Por qué es Heidegger el más importante filósofo del siglo XX. ¿Es posible que haya sido nazi quien ha ocupado la centralidad del pensamiento filosófico en el siglo XX? Problemas que acarrea esta cuestión. Situación de la filosofía antes de Heidegger. Alemania: la República de Weimar. Contexto sociocultural. El expresionismo. El expresionismo en el cine. Anticipaciones del ascenso de Hitler: El gabinete del doctor Caligari, Metrópolis, Nosferatu, M, el vampiro negro, El ángel azul. El Dasein. Sentido de este concepto. Da (ahí) Sein (ser). El ser-ahí y la intencionalidad fenomenológica. Heidegger y Husserl. El lugar de la pregunta por el ser. El ser-ahí y el ahí del ser. Es por el hombre que adviene al mundo la pregunta por el ser. El Dasein es ser-en-el-mundo. Qué significa para el Dasein su condición de ?estado de arrojo?. | ||
| 590 | |a Identificación anterior registrada en SIABUC: D62B | ||
| 100 | 1 | |a Feinmann, José Pablo | |
| 710 | 2 | |a Canal Encuentro. | |
| 082 | 1 | 0 | |/ FEI-2 |
| 653 | |a FILOSOFIA | ||
| 653 | |a FILOSOFIA AQUI Y AHORA | ||
| 653 | |a HEIDEGGER | ||
| 653 | |a WEIMAR | ||
| 653 | |a NAZISMO | ||
| 653 | |a EXPRESIONISMO | ||
| 653 | |a FEINMANN | ||
| 653 | |a HITLER | ||
| 653 | |a SER | ||
| 653 | |a SERIE DE TELEVISIÓN | ||
| 856 | |u https://www.educ.ar/recursos/50232/heidegger-ser-y-tiempo | ||
| 859 | |a CEMS |b BIB. CEMS - Depto. Recursos Didacticos |h 100 |i FEI-2 |k DRD |p 2001.15 |t Ej.1 | ||
